书目信息 |
| 题名: |
中国的银行
|
|
| 作者: | 刘光第 著 | |
| 分册: | ||
| 出版信息: | 北京 北京出版社 1984 |
|
| 页数: | 208页 | |
| 开本: | 19cm | |
| 丛书名: | ||
| 单 册: | ||
| 中图分类: | F832.9 | |
| 科图分类: | ||
| 主题词: | 金融 , 银行 | |
| 电子资源: | ||
| ISBN: | ||
| 000 | 00624nam0 2200253 45 | |
| 001 | 0184014001 | |
| 005 | 20080925160803.04 | |
| 010 | @dCNY0.73 | |
| 091 | @a4071.71 | |
| 100 | @a19950610d1984 em y0chiy0121 ea | |
| 101 | 0 | @achi |
| 102 | @aCN@b110000 | |
| 105 | @ay z 000yy | |
| 106 | @ar | |
| 200 | 10 | @a中国的银行@Azhong guo de yin hang@f刘光第著 |
| 210 | @a北京@c北京出版社@d1984 | |
| 215 | @a208页@d19cm | |
| 606 | 0 | @a金融 |
| 606 | 0 | @a银行 |
| 690 | @aF832.9@v3 | |
| 701 | 0 | @a刘光第@Aliu guang di@4著 |
| 801 | 0 | @aCN@b上海图书馆@c20080925 |
| 801 | 2 | @aCN@bNLC@c20040428 |
| 905 | @dF832.9@e20@f1@b106347 | |
| 中国的银行/刘光第著.-北京:北京出版社,1984 |
| 208页;19cm |
| ISBN :CNY0.73 |
| ● |
| 相关链接 |
|
|
|
|
正题名:中国的银行
索取号:F832.9/20
 
预约/预借
| 序号 | 登录号 | 条形码 | 馆藏地/架位号 | 状态 | 备注 |
| 1 | 0106347 | 000492336 | 第一借阅区/ [索取号:F832.9/20] | 在馆 | |
| 2 | 0106349 | 000492327 | 第一样本阅览室/ [索取号:F832.9/20] | 在馆 |